| 000 | 01338nam a22003495a 4500 | ||
|---|---|---|---|
| 005 | 20160309141125.0 | ||
| 008 | 160309r20142013ii a frb 001 0 eng d | ||
| 020 | _a9789381714140 (English edition) | ||
| 020 | _a9789587550719 (AMOLCA) | ||
| 040 |
_aEG-ScBUE _beng _cEG-ScBUE |
||
| 041 | 1 |
_aeng _hspa |
|
| 082 | 0 | 4 |
_a617.605 _bBES _222 |
| 100 | 1 |
_aBesoain, Fernando Sole. _939513 |
|
| 245 | 1 | 0 |
_aOral surgery for undergraduates & general practitioners : _bprinciples of oral surgery / _cFernando Solé Besoaín, Francisco Muñoz Thomson ; [translated by Penny Bamber] |
| 246 | 3 | _aOral surgery for undergraduates and general practitioners | |
| 246 | 3 | 0 | _aPrinciples of oral surgery |
| 250 | _a1st English ed., Reprinted ed. | ||
| 260 |
_aNew Delhi : _bMedTec / Scientific International Pvt. Ltd., _c2014. |
||
| 300 |
_a468 p. : _bill. (col) ; _c28 cm. |
||
| 500 | _aReprint of the 2013 ed. | ||
| 500 | _aIncludes appendix. | ||
| 504 | _aBibliography : p. 450-467. | ||
| 521 | _aFor undergraduates & general practitioners. | ||
| 546 | _aText in English ; translated from original Spanish. | ||
| 650 | 7 |
_aMouth _xSurgery. _2BUEsh _936856 |
|
| 650 | 7 |
_aDentistry. _939515 |
|
| 651 | _2BUEsh | ||
| 653 |
_bDDent _cMarch2016 |
||
| 700 | 1 | _aThomson, Francisco Muñoz. | |
| 700 | 1 |
_aBamber, Penny, _etranslator. |
|
| 942 | _2ddc | ||
| 999 |
_c21358 _d21330 |
||